Statistics for NFL Opening-Day Starting Quarterbacks 2019

Click here to take the quiz!

General Stats

  • This quiz has been taken 8,665 times
  • The average score is 27 of 32

Answer Stats

TeamQuarterback% Correct
PatriotsTom Brady
97%
PackersAaron Rodgers
95%
SaintsDrew Brees
94%
ChiefsPatrick Mahomes
94%
CowboysDak Prescott
93%
GiantsEli Manning
93%
SeahawksRussell Wilson
93%
PanthersCam Newton
92%
FalconsMatt Ryan
92%
ChargersPhilip Rivers
91%
SteelersBen Roethlisberger
90%
EaglesCarson Wentz
90%
BrownsBaker Mayfield
89%
RaidersDerek Carr
89%
RamsJared Goff
89%
RavensLamar Jackson
89%
LionsMatthew Stafford
89%
49ersJimmy Garoppolo
88%
BengalsAndy Dalton
87%
BuccaneersJameis Winston
87%
VikingsKirk Cousins
85%
TexansDeshaun Watson
84%
BillsJosh Allen
84%
CardinalsKyler Murray
84%
BearsMitch Trubisky
82%
TitansMarcus Mariota
78%
DolphinsRyan Fitzpatrick
78%
JaguarsNick Foles
73%
JetsSam Darnold
73%
BroncosJoe Flacco
72%
ColtsJacoby Brissett
70%
RedskinsCase Keenum
53%

Score Distribution

Percentile by Number Answered

Percent of People with Each Score

Your Score History

You have not taken this quiz